Generał Wiedza 4 - Statystyki

Ogólne statystyki
  • Ten quiz został rozwiązany 18 razy
  • Średni wynik to 8 z 21
Statystyki odpowiedzi
Hint Odpowiedź % Poprawnych
Nielotny ptak zamieszkujący Australię uznawany za szkodnika Emu
93%
Ile razy Holandia została mistrzem świata w piłce nożnej mężczyzn? 0
86%
Imię Szatana Lucyfer
79%
Ile lat trwała wojna trzynastoletnia? 12
64%
Inna nazwa krwinek białych Leukocyty
64%
Jak się nazywa część miecza za którą się chwyta? Rękojeść
64%
Z jakiego kraju pochodzi Range Rover? Wielka Brytania
64%
Ile co najwyżej stopni musi mieć kąt wypukły? 180
50%
Z jakiego kraju pochodzi piłkarz Jonathan David? Kanada
50%
Minimalna głębokość bieżnika opony wg kodeksu drogowego w III RP 1,6
43%
Jak się nazywał wielki pająk Hagrida? Aragog
43%
Jak nazywa się dzieło Tolkiena opisujące historię Ardy przed wydarzeniami z Hobbita i Władcy Pierścieni Silmarillion
29%
Big Ben to nazwa... Dzwonu
21%
W jakim mieście urodziła się Dua Lipa? Londyn
21%
Niemiecka przenośna wyrzutnia rakiet z okresu II WŚ Panzerfaust, Panzerschreck
14%
Jak nazywał się zastępca naczelnego inżyniera w Elektrowni Czarnobylskiej podczas feralnej katastrofy z 1986 roku? Anatolij Diatłow
7%
Inaczej kamienie wyrzucane z wulkanu Lapille
7%
Co po francusku oznacza czasownik pouvoir? Móc, Umieć, Potrafić
7%
Z jakiego miasta wywodzi się dynastia chasydzka Ger? Góra Kalwaria
0%
W jakim kraju zabobonem jest śmierć przez sen przy włączonym wiatraku? Korea Południowa
0%
Marynarka po niemiecku Sakko
0%
Nie znaleziono quizów pasujących do podanych kryteriów
Rozkład punktacji
Procent ludzi z każdym wynikiem
Percentyl według liczby udzielonych odpowiedzi
Twoja historia wyników
Nie rozwiązałeś tego quizu